00964nam a22002657a 4500999001500000001000600015003000900021005001700030008004100047020001500088040002800103082001700131100002500148245008000173250001200253260003800265300004500303504005100348650001800399700002100417700002000438942001200458952011400470952011400584 c7501d750121083BD-DhUAP20210123145636.0210123s2005 nyua b 001 0 eng d a1403948763 aDLCcDLCdBD-DhUAPbEng00a572 NEL 2231 aLehninger, Albert L.10aLehninger principles of biochemistry /cDavid L. Nelson and Michael M. Cox. a4th ed. aNew York :bW.H. Freeman,cc2005. avarious pages :billustrations ;c29 cm. aIncludes bibliographical references and index. 0aBiochemistry.1 aNelson, David L.1 aCox, Michael M. 2ddccBK 00102ddc4070aUAPCLbUAPCLcGeneral Stacksd2021-01-23o572 NELp3010021083r2021-01-23t1w2021-01-23yBK 00102ddc4070aUAPCLbUAPCLcReserve Stacksd2021-01-25o572 NELp3010010109r2021-01-25t2w2021-01-25yBK